00988 2200205 4500001002100000005001500021035002000036245016500056100001600221250001700237300003400254700002000288700001800308260003100326082000800357084001400365020002200379650001400401520036700415INLIS00000000000014020240508085928 a0010-05240000621 aBupena Buku Penilaian Tema Panas dan Perpindahannya dan Peristiwa dalam KEhidupan Jilid 5C :buntuk SD/MI Kelas V /cIrine M.J.A; Wini Kristianti; Dhesy Adhalia0 aIrine M.J.A acetakan ke-1 aviii, 184 cm :bilus ;c26 cm0 aWini Kristianti0 aDhesy Adhalia aJakarta :bErlangga,c2016 a500 a500 IRI b a978-602-298-866-3 4aPengayaan aBupena disajikan untuk membantu siswa menerapkan proses pembelajaran secara tuntas berdasarkan Kurikulum 2013 (Revisi 2016). Pendalaman materi untuk mempertajam pemahaman siswa terhadap materi yang sedang dipelajari. Penilaian pengetahuan disajikan dalam tes tertulis, tes lisan, dan penugasan. Penilaian keterampilan dan sikap disajikan dalam kegiatan.